Normal view
MARC view
- Naeem, Faiza
Entry Personal Name
001 - CONTROL NUMBER
- control field: 118457
003 - CONTROL NUMBER IDENTIFIER
- control field: NUST
005 - DATE AND TIME OF LATEST TRANSACTION
- control field: 20231010101901.0
008 - FIXED-LENGTH DATA ELEMENTS
- fixed length control field: 231010|| aca||aabn | a|a d
040 ## - CATALOGING SOURCE
- Original cataloging agency: NUST
- Transcribing agency: NUST
100 ## - HEADING--PERSONAL NAME
- Personal name: Naeem, Faiza
670 ## - SOURCE DATA FOUND
- Source citation: Work cat.: (NUST): Naeem, Faiza, Enhancing Intrusion Detection: Leveraging Federated Learning and Hybrid Deep Learning Models
